Eduardo Mallea /

Saved in:
Bibliographic Details
Main Author: Lewald, H. Ernest (Herald Ernest)
Format: Book
Language:English
Published: Boston : Twayne Publishers, c1977.
Series:Twayne's world authors series ; TWAS 433 : Argentina
Subjects:
LEADER 01040nam a2200289 i 4500
001 c000329941
003 CARM
005 00000000000000.0
008 760914s1977 maua b 00110 eng
019 1 |a 774064  |5 LACONCORD2021 
020 |a 0805762736 
035 |a (OCoLC)2493514  |5 LACONCORD2021 
043 |a s-ag--- 
050 0 0 |a PQ7797.M225  |b Z73 
100 1 |a Lewald, H. Ernest  |q (Herald Ernest) 
245 0 0 |a Eduardo Mallea /  |c by H. Ernest Lewald. 
260 |a Boston :  |b Twayne Publishers,  |c c1977. 
300 |a 118 p. :  |b ill. ;  |c 21 cm. 
490 0 |a Twayne's world authors series ; TWAS 433 : Argentina 
500 |a Includes index. 
504 |a Bibliography: p. 113-115. 
600 1 0 |a Mallea, Eduardo,  |d 1903- 
650 0 |a Authors, Argentine  |y 20th century  |x Biography. 
852 8 |b CARM  |h A1:AN22A0  |i B08750  |p 0414049  |f BK 
082 0 4 |a 863  |a B 
999 f f |i bed36204-743a-5055-b26a-a4b131dd905c  |s bde772e1-16b5-5923-9790-0540cc502fe7 
952 f f |p Can circulate  |a CAVAL  |b CAVAL  |c CAVAL  |d CARM 1 Store  |e B08750  |f A1:AN22A0  |h Other scheme  |i book  |m 0414049